=LDR 00000nam 2200000 4500 =001 000156 =020 $9786025568268 =082 $420.000 =100 $Fauzan Atsari =245 $Simple thinking about english =250 $Cetakan 1 =264 $Yogyakarta: Gava Media 2018 =300 $x, 116 halaman; 21 cm. =650 $Bahasa =905 $420 FAU s =336 $$a =337 $$a =338 $$a =005 20260702151432.0 =008 260702s2026\\\\\\\\\\\\\\\\\\\\\\\\\\\\\\\\\\\\\\\\\